Título en la letra de Sabina - Estadísticas

Estadísticas generales
  • Esta prueba ha sido intentada 118 veces
  • La puntuación promedio es 8 de 16
Estadísticas de respuestas
Hint Respuesta % Correcto
...tanto la quería, que tardé en aprender a olvidarla _ __ _ __ ___... 19 días y 500 noches
100%
...y morirme ____ si te matas, y matarme ____ si te mueres... Contigo
77%
...vivo en el número 7, ___ _______, quiero mudarme hace años... Calle melancolía
64%
...no sabía que la primavera duraba un segundo, yo quería escribir _ __ __ ___ _ ___... La canción más hermosa del mundo
63%
..._ _ ___ __ con pata de palo, con parche en el ojo, con cara de malo... La del pirata cojo
62%
...el cristal de los acuarios de los __ _ ____... Peces de ciudad
58%
..._ __ ____ cuando duermo sin ti, contigo sueño... Y sin embargo
53%
...en la farmacia puedes preguntar, ¿venden ____ __ _ ___?... Pastillas para no soñar
52%
...y yo que siempre cumplo un __, cuando es __ ____... Pacto entre caballeros
42%
...el mar dentro de un vaso de ginebra, ____ _ ___ _ ___... Pongamos que hablo de Madrid
42%
...antes de que destruya la marea, las huellas de mis ____ _ ___... Lágrimas de mármol
37%
...__ __ _ __, que se esconde a las 7 en la cuna, del mar a roncar... Peor para el sol
36%
..._ __ ___, aquellos polvos y estos lodos... Lo niego todo
34%
...__ _ __ _ ___ en el que un par de ciegos, juegan a hacerse daño... Amor se llama el juego
31%
...que se tumba a tu lado en la alfombra, _ __ ____ _ _ ____... A la orilla de la chimenea
24%
...y _____ es otra vez, San Petersburgo... Leningrado
23%
No se encontraron pruebas coincidentes
Distribución de puntuación
Porcentaje de gente con cada puntuación
Porcentaje por número respondido
Historial de tus puntuaciones
No has intentado esta prueba.